000 01013nam a22001817a 4500
003 IT-RoPau
005 20220918175940.0
008 130207b xxu||||| |||| 00| 0 eng d
040 _cIT-RoPau
100 _aChiesa, Fabio
_9379
245 _aFrancesco Chiesa
_bUn uomo, un prete
250 _aI
260 _aAlba
_bPostulazione Generale e Casa Madre SSP
_c2006
300 _a63 p.
_c21 cm
490 _aFamiglia Paolina
_vI
520 _aSommario Il giovane Francesco Montà, terra di vocazioni Legami forti Il "Seminatore di preti" L'amore per il sapere Tra libri e ristrettezze Kant Lauree e viaggi L'insegnamento in seminario Maestro e amico L'uomo nuovo I suoi allievi Un incontro particolare Scrittore e comunicatore Ventimila pagine Giornalista Predicatore Pastore Parroco per amore Instancabile innovatore La fede Un solo pensiero: Dio Asceta tra la gente Preghiera per la beatificazione Scheda Biografica
942 _2ddc
_cBK
999 _c38008
_d38008